The Advancement of Local Government in New South Wales 1906 to the Present (Record no. 47260)
[ view plain ]
| 000 -LEADER | |
|---|---|
| fixed length control field | 00486nam a22001697a 4500 |
| 005 - DATE AND TIME OF LATEST TRANSACTION | |
| control field | 20260408123844.0 |
| 008 - FIXED-LENGTH DATA ELEMENTS--GENERAL INFORMATION | |
| fixed length control field | 260408b |||||||| |||| 00| 0 eng d |
| 020 ## - INTERNATIONAL STANDARD BOOK NUMBER | |
| ISBN | 042-00037-7 |
| 082 ## - DEWEY DECIMAL CLASSIFICATION NUMBER | |
| Classification number | 352.0944 |
| Author Mark | LAR-T |
| 100 ## - MAIN ENTRY--AUTHOR | |
| Author Name | Larcombe.A.F |
| 245 ## - TITLE STATEMENT | |
| Title | The Advancement of Local Government in New South Wales 1906 to the Present |
| 260 ## - PUBLICATION, DISTRIBUTION, ETC. | |
| Place of Publication | Sydney |
| Name of publisher, distributor, etc. | Sydney University Press |
| Date of publication, distribution, etc. | 1987 |
| 300 ## - PHYSICAL DESCRIPTION | |
| Pages | 486P |
| 500 ## - GENERAL NOTE | |
| General note | Gifted by Dr.Salman Hassan |
| 650 ## - SUBJECT ADDED ENTRY--TOPICAL TERM | |
| Subject / Department | General book |
| 942 ## - ADDED ENTRY ELEMENTS (KOHA) | |
| Koha item type | Book |
| Withdrawn status | Lost status | Damaged status | Not for loan | Collection code | Permanent Location | Current Location | Shelving Location | Date acquired | Total Checkouts | Full Call Number | Accession No./Barcode | Date last seen | Koha item type |
|---|---|---|---|---|---|---|---|---|---|---|---|---|---|
| Allied Material | Air University H-11 Campus Islamabad | Air University H-11 Campus Islamabad | Allied Materials | 04/08/2026 | 352.0944 LAR-T | AUHEG0028 | 04/08/2026 | Book |







